| 000 | 00351nam a2200145Ia 4500 | ||
|---|---|---|---|
| 008 | 230917s9999||||xx |||||||||||||| ||und|| | ||
| 040 |
_e43950 _aMAIN |
||
| 041 | _aEnglish | ||
| 082 | _a801.93 P549P | ||
| 100 | _aRoyal,Institute | ||
| 245 | 0 | _aPhilosophy and the arts | |
| 260 |
_aLondon _bMacmillan _c1973 |
||
| 300 | _axiii, 263 p. | ||
| 942 | _cBK | ||
| 999 |
_c187603 _d187603 |
||